Dos años de vacaciones / (Record no. 167281)
[ view plain ]
| 000 -LEADER | |
|---|---|
| campo de control de longitud fija | 01459nam a2200277 i 4500 |
| 001 - NÚMERO DE CONTROL | |
| campo de control | 167281 |
| 003 - IDENTIFICADOR DE NÚMERO DE CONTROL | |
| campo de control | ES-MaACL |
| 005 - FECHA Y HORA DE LA ÚLTIMA TRANSACCIÓN | |
| campo de control | 20250818063108.0 |
| 008 - DATOS DE LONGITUD FIJA--INFORMACIÓN GENERAL | |
| campo de control de longitud fija | 010307q18701925sp af |||| | spa d |
| 040 ## - FUENTE DE CATALOGACIÓN | |
| Centro catalogador/agencia de origen | CAM |
| Lengua de catalogación | spa |
| Centro/agencia transcriptor | CAM |
| 080 ## - NÚMERO DE LA CLASIFICACIÓN DECIMAL UNIVERSAL | |
| Número de la Clasificación Decimal Universal | 821.133.1-31"18" |
| 100 1# - ENTRADA PRINCIPAL--NOMBRE DE PERSONA | |
| Nombre de persona | Verne, Jules, |
| Fechas asociadas al nombre | 1828-1905 |
| 9 (RLIN) | 188654 |
| 245 10 - MENCIÓN DEL TÍTULO | |
| Título | Dos años de vacaciones / |
| Mención de responsabilidad, etc. | por Julio Verne ; versión española por Ceferino Terán Puyol. |
| 260 ## - PUBLICACIÓN, DISTRIBUCIÓN, ETC. | |
| Lugar de publicación, distribución, etc. | Madrid : |
| Nombre del editor, distribuidor, etc. | Sáenz de Jubera, Hermanos, |
| Fecha de publicación, distribución, etc. | [s.a.] ( |
| Fabricante | Establecimiento tipográfico "Sucesores de Rivadeneyra") |
| 300 ## - DESCRIPCIÓN FÍSICA | |
| Extensión | 4 v. : |
| Otras características físicas | il. ; |
| Dimensiones | 28 cm. |
| 505 80 - NOTA DE CONTENIDO CON FORMATO | |
| Nota de contenido con formato | Contiene: Cuaderno primero (61, [1] p. --Cuaderno segundo (61, [1] p. --Cuaderno tercero (63, [1] p. --Cuaderno cuarto (62, [1] p. |
| 594 #1 - Nota al título y mención de responsabilidad | |
| Nota al título y mención de responsabilidad | Según consta en el front. el il. es L. Benett. |
| 594 ## - Nota al título y mención de responsabilidad | |
| Nota al título y mención de responsabilidad | Descripción basada en cuaderno primero. En el cuaderno segundo, tercero y cuarto no figura Ceferino Terán Puyol. |
| 596 ## - NOTA AL PIE DE IMPRENTA | |
| NOTA AL PIE DE IMPRENTA | Sáenz de Jubera Hermanos ejerce ca. 1870-1925. |
| 596 1# - NOTA AL PIE DE IMPRENTA | |
| NOTA AL PIE DE IMPRENTA | Según el Catalogo Colectivo del Patrimonio Bibliográfico Español del Siglo XIX, Sáenz de Jubera, hermanos ejercen entre 1892-1895. |
| 597 ## - NOTA DE DESCRIPCIÓN FÍSICA | |
| NOTA DE DESCRIPCIÓN FÍSICA | Texto a dos col. |
| 700 1# - ENTRADA AGREGADA--NOMBRE PERSONAL | |
| Nombre de persona | Terán Puyol, Ceferino. |
| 9 (RLIN) | 133191 |
| 700 1# - ENTRADA AGREGADA--NOMBRE PERSONAL | |
| Nombre de persona | Bénett, Léon, |
| Fechas asociadas al nombre | 1839-1916 |
| 9 (RLIN) | 27541 |
| 852 ## - LOCALIZACIÓN | |
| Ubicación | ES-MaACL |
| Número de control de estantería | B-12395(4-7) |
| Nota libre | -- Enc. ed. en tela roja con planchas polícromas |
| Encuadernación | -- Edic.: el dato de trad. sólo consta en la port. del primer cuaderno |
| Estatus retirado | Estado de pérdida | Estado de daño | No para préstamo | Biblioteca de origen | Biblioteca actual | Ubicación en estantería | Fecha de adquisición | Fuente de adquisición | Total de préstamos | Signatura topográfica completa | Código de barras | Visto por última vez | Precio de reemplazo | Tipo de ítem Koha |
|---|---|---|---|---|---|---|---|---|---|---|---|---|---|---|
| Biblioteca del Ateneo de Madrid | Biblioteca del Ateneo de Madrid | Sala Pardo Bazán | 17/01/2008 | B-12395(4-7) | 1175480 | 23/02/2023 | 23/02/2023 | Libro impreso |
